000 00371nam a2200145Ia 4500
008 200103s9999||||xx |||||||||||||| ||und||
020 _a9780070991842
040 _aIMU-MPC
082 _aColumn-17
100 _aThomas, Rebecca
245 0 _aAdvanced programmers guide to UNIX systems V
260 _bMcGraw-Hill Book Company, Inc.
_c1987
300 _a575
942 _cBK
999 _c6125
_d6125